| 000 | 01117nam a2200301 a 4500 | ||
|---|---|---|---|
| 001 | BRCA_3168 | ||
| 005 | 20190320204138.0 | ||
| 008 | 120209s1930----fr-a---###---#000-0#fre-u | ||
| 041 | _afre | ||
| 044 | _afr | ||
| 084 |
_a470 _b.A76 _c1930 |
||
| 100 | 1 |
_aCervantes Saavedra, Miguel de _d1547-1616 _9213 |
|
| 245 | 1 | 0 |
_aDon Quichotte _cMiguel de Cervantes Saavedra. |
| 260 |
_aParís _bArnauld de Vresse _c1930 |
||
| 300 |
_a16 p. _bil. (sepia) _c18 cm. |
||
| 500 | _aContenido : Primera parte. Texto compendiado. Segunda parte. Texto compendiado | ||
| 500 | _aEdición : par Edmond Morín, Redessin, par Ricard | ||
| 500 | _aCompendio profusamente ilustrado. Tela; cubierta decorada con dorados Lúdovik Osterc | ||
| 500 | _aQM991 | ||
| 546 | _aTexto en : francés | ||
| 650 | 1 | 4 |
_aNovela española _yÉpoca clásica, 1500-1700 _9215 |
| 650 | 1 | 4 |
_aLiteratura española _yÉpoca clásica, 1500-1700 _9216 |
| 650 | 1 | 4 |
_aNovela española _ySiglo XVII _9217 |
| 650 | 1 | 4 |
_aDon Quijote (Personaje ficticio) _eNovela _9218 |
| 740 | 0 | _aEl Ingenioso Hidalgo Don Quijote de la Mancha | |
| 902 | _aQFM | ||
| 942 |
_2lcc _cB |
||
| 999 |
_c2904 _d2904 |
||